| 000 | 00558nam a2200157Ia 4500 | ||
|---|---|---|---|
| 008 | 100122s9999 xx 000 0 und d | ||
| 082 |
_b38231 _a823 |
||
| 100 | _aखांडेकर वि स | ||
| 245 | _aरिकामा देव्हारा (क.क्र.28/4 ) | ||
| 250 | _a4 | ||
| 260 |
_bदेशमुख आणि कंपनी _c1905 |
||
| 300 | _a173 | ||
| 630 | _aरिकामा देव्हारा (क.क्र.28/4 ) | ||
| 730 | _aरिकामा देव्हारा (क.क्र.28/4 ) | ||
| 942 | _cBOOK | ||
| 999 |
_c420457 _d420454 |
||